| 000 | 00664cad a22001935a 4500 | ||
|---|---|---|---|
| 001 | L149724 | ||
| 008 | 100415u20100410xxk g 000 0 eng d | ||
| 035 | _a(Sirsi) u149724 | ||
| 041 | 0 | _aeng | |
| 245 | 0 | 0 |
_aBribery Act 2010 _h[electronic resource] |
| 260 |
_aLondon _bTSO _c2010 |
||
| 520 | _aThis Act brings the law on bribery up to date. Comes into force October 2010. | ||
| 590 | _aKA NTK | ||
| 650 | 2 | 4 | _aBRIBERY ACT 2010 |
| 651 | 4 |
_aUnited Kingdom _y |
|
| 690 | _aMANAGEMENT-BUSINESS MANAGEMENT-PROFESSIONAL PRACTICE | ||
| 856 | 4 | 0 |
_uhttps://www.opsi.gov.uk/acts/acts2010/ukpga_20100023_en_1 _zView the Act free of charge at www.opsi.gov.uk |
| 942 | _n0 | ||
| 999 |
_c120850 _d120850 |
||